Para comprender a Piaget (Record no. 122842)

MARC details
000 -LEADER
campo de control de longitud fija 00605nam a2200181 4500
001 - NÚMERO DE CONTROL
campo de control 122842
003 - IDENTIFICADOR DE NÚMERO DE CONTROL
campo de control ES-MaACL
005 - FECHA Y HORA DE LA ÚLTIMA TRANSACCIÓN
campo de control 20251012173731.0
007 - CAMPO FIJO DE DESCRIPCIÓN FÍSICA--INFORMACIÓN GENERAL
campo de control de longitud fija t|
008 - DATOS DE LONGITUD FIJA--INFORMACIÓN GENERAL
campo de control de longitud fija 070214s1965 sp r ||||0| spa d
100 1# - ENTRADA PRINCIPAL--NOMBRE DE PERSONA
Nombre de persona Pulaski, Mary Ann S.
9 (RLIN) 94362
245 10 - MENCIÓN DEL TÍTULO
Título Para comprender a Piaget
Resto del título : una introducción al desarrollo cognitivo del niño /
Mención de responsabilidad, etc. Mary Ann S. Pulaski ; traducción de Pablo Di Masso.
260 ## - PUBLICACIÓN, DISTRIBUCIÓN, ETC.
Lugar de publicación, distribución, etc. Barcelona :
Nombre del editor, distribuidor, etc. Península,
Fecha de publicación, distribución, etc. 1975.
300 ## - DESCRIPCIÓN FÍSICA
Extensión 234 p :
Otras características físicas il ;
Dimensiones 19 cm.
700 1# - ENTRADA AGREGADA--NOMBRE PERSONAL
Nombre de persona Masso, Pablo di,
Fechas asociadas al nombre 1948-
9 (RLIN) 174328
852 ## - LOCALIZACIÓN
Ubicación ES-MaACL
Número de control de estantería A-5693
Sublocalización o colección R.93849
Holdings
Estatus retirado Estado de pérdida Estado de daño No para préstamo Biblioteca de origen Biblioteca actual Ubicación en estantería Fecha de adquisición Fuente de adquisición Total de préstamos Signatura topográfica completa Código de barras Visto por última vez Precio de reemplazo Tipo de ítem Koha
        Biblioteca del Ateneo de Madrid Biblioteca del Ateneo de Madrid Sala Pecera Planta 1 17/01/2008     A-5693 1127999 23/02/2023 23/02/2023 Libro impreso